<?xml version="1.0" encoding="UTF-8"?>
<record
    xmlns:xsi="http://www.w3.org/2001/XMLSchema-instance"
    xsi:schemaLocation="http://www.loc.gov/MARC21/slim http://www.loc.gov/standards/marcxml/schema/MARC21slim.xsd"
    xmlns="http://www.loc.gov/MARC21/slim">

  <leader>00634nam a22001337a 4500</leader>
  <datafield tag="040" ind1=" " ind2=" ">
    <subfield code="c">RUA</subfield>
  </datafield>
  <datafield tag="082" ind1=" " ind2=" ">
    <subfield code="a">AVM TRE 2018 B649 Or.1</subfield>
  </datafield>
  <datafield tag="100" ind1=" " ind2=" ">
    <subfield code="a">TREN SREYKHUOCH &#x178F;&#x17D2;&#x179A;&#x17C1;&#x1793; &#x179F;&#x17D2;&#x179A;&#x17B8;&#x1783;&#x17BD;&#x1785;</subfield>
  </datafield>
  <datafield tag="245" ind1=" " ind2=" ">
    <subfield code="a">presence of bacteria in pork at chamkar doung market phnom penh &#x179C;&#x178F;&#x17D2;&#x178F;&#x1798;&#x17B6;&#x1793;&#x1794;&#x17B6;&#x1780;&#x17CB;&#x178F;&#x17C1;&#x179A;&#x17B8;&#x1780;&#x17D2;&#x1793;&#x17BB;&#x1784;&#x179F;&#x17B6;&#x1785;&#x17CB;&#x1787;&#x17D2;&#x179A;&#x17BC;&#x1780;&#x1793;&#x17C5;&#x1795;&#x17D2;&#x179F;&#x17B6;&#x179A;&#x1785;&#x17C6;&#x1780;&#x17B6;&#x179A;&#x178A;&#x17BC;&#x1784;&#x200B;&#x179A;&#x17B6;&#x1787;&#x1792;&#x17B6;&#x1793;&#x17B8;&#x1797;&#x17D2;&#x1793;&#x17C6;&#x1796;&#x17C1;&#x1789;</subfield>
  </datafield>
  <datafield tag="260" ind1=" " ind2=" ">
    <subfield code="a">RUA</subfield>
    <subfield code="b">Phnom penh</subfield>
    <subfield code="c">2018</subfield>
  </datafield>
  <datafield tag="300" ind1=" " ind2=" ">
    <subfield code="a">ix;33p</subfield>
    <subfield code="b">ill;</subfield>
    <subfield code="c">29cm</subfield>
  </datafield>
  <datafield tag="856" ind1=" " ind2=" ">
    <subfield code="u">https://drive.google.com/file/d/1Ih4FEYvwDHhPug5r6LafjrrlqsZKt6Yw/view?usp=sharing</subfield>
  </datafield>
  <datafield tag="942" ind1=" " ind2=" ">
    <subfield code="c">AVM</subfield>
  </datafield>
  <datafield tag="999" ind1=" " ind2=" ">
    <subfield code="c">18330</subfield>
    <subfield code="d">18330</subfield>
  </datafield>
  <datafield tag="952" ind1=" " ind2=" ">
    <subfield code="0">0</subfield>
    <subfield code="1">0</subfield>
    <subfield code="2">ddc</subfield>
    <subfield code="4">0</subfield>
    <subfield code="6">AVM_TRE_2018_000000000000000_B649_OR_1</subfield>
    <subfield code="7">0</subfield>
    <subfield code="9">82118</subfield>
    <subfield code="a">LBB</subfield>
    <subfield code="b">LBB</subfield>
    <subfield code="c">B649</subfield>
    <subfield code="d">2019-10-25</subfield>
    <subfield code="l">2</subfield>
    <subfield code="o">AVM TRE 2018 B649 Or.1</subfield>
    <subfield code="p">A43074</subfield>
    <subfield code="r">2024-05-10</subfield>
    <subfield code="s">2024-04-30</subfield>
    <subfield code="w">2019-10-25</subfield>
    <subfield code="y">AVM</subfield>
  </datafield>
  <datafield tag="952" ind1=" " ind2=" ">
    <subfield code="0">0</subfield>
    <subfield code="1">0</subfield>
    <subfield code="2">ddc</subfield>
    <subfield code="4">0</subfield>
    <subfield code="6">AVM_TRE_2018_000000000000000_B649_OR_2</subfield>
    <subfield code="7">0</subfield>
    <subfield code="9">82119</subfield>
    <subfield code="a">LBB</subfield>
    <subfield code="b">LBB</subfield>
    <subfield code="c">B649</subfield>
    <subfield code="d">2019-10-25</subfield>
    <subfield code="l">8</subfield>
    <subfield code="o">AVM TRE 2018 B649 Or.2</subfield>
    <subfield code="p">A43149</subfield>
    <subfield code="r">2024-06-27</subfield>
    <subfield code="s">2024-06-13</subfield>
    <subfield code="w">2019-10-25</subfield>
    <subfield code="y">AVM</subfield>
  </datafield>
  <datafield tag="952" ind1=" " ind2=" ">
    <subfield code="0">0</subfield>
    <subfield code="1">0</subfield>
    <subfield code="2">ddc</subfield>
    <subfield code="4">0</subfield>
    <subfield code="6">AVM_TRE_2018_000000000000000_B649_OR_3</subfield>
    <subfield code="7">0</subfield>
    <subfield code="9">82120</subfield>
    <subfield code="a">LBB</subfield>
    <subfield code="b">LBB</subfield>
    <subfield code="c">B649</subfield>
    <subfield code="d">2019-10-25</subfield>
    <subfield code="l">5</subfield>
    <subfield code="o">AVM TRE 2018 B649 Or.3</subfield>
    <subfield code="p">A43224</subfield>
    <subfield code="r">2024-08-16</subfield>
    <subfield code="s">2024-06-19</subfield>
    <subfield code="w">2019-10-25</subfield>
    <subfield code="y">AVM</subfield>
  </datafield>
  <datafield tag="952" ind1=" " ind2=" ">
    <subfield code="0">0</subfield>
    <subfield code="1">0</subfield>
    <subfield code="2">ddc</subfield>
    <subfield code="4">0</subfield>
    <subfield code="6">AVM_TRE_2018_000000000000000_B649_OR_4</subfield>
    <subfield code="7">0</subfield>
    <subfield code="9">82121</subfield>
    <subfield code="a">LBB</subfield>
    <subfield code="b">LBB</subfield>
    <subfield code="c">B649</subfield>
    <subfield code="d">2019-10-25</subfield>
    <subfield code="l">3</subfield>
    <subfield code="o">AVM TRE 2018 B649 Or.4</subfield>
    <subfield code="p">A43459</subfield>
    <subfield code="r">2022-10-05</subfield>
    <subfield code="s">2022-10-03</subfield>
    <subfield code="w">2019-10-25</subfield>
    <subfield code="y">AVM</subfield>
  </datafield>
  <datafield tag="952" ind1=" " ind2=" ">
    <subfield code="0">0</subfield>
    <subfield code="1">0</subfield>
    <subfield code="2">ddc</subfield>
    <subfield code="4">0</subfield>
    <subfield code="6">AVM_TRE_2018_000000000000000_B649_OR_6</subfield>
    <subfield code="7">0</subfield>
    <subfield code="9">82122</subfield>
    <subfield code="a">LBB</subfield>
    <subfield code="b">LBB</subfield>
    <subfield code="c">B649</subfield>
    <subfield code="d">2019-10-25</subfield>
    <subfield code="l">9</subfield>
    <subfield code="o">AVM TRE 2018 B649 Or.6</subfield>
    <subfield code="p">A43141</subfield>
    <subfield code="r">2024-08-14</subfield>
    <subfield code="s">2024-08-02</subfield>
    <subfield code="w">2019-10-25</subfield>
    <subfield code="y">AVM</subfield>
  </datafield>
  <datafield tag="952" ind1=" " ind2=" ">
    <subfield code="0">0</subfield>
    <subfield code="1">0</subfield>
    <subfield code="2">ddc</subfield>
    <subfield code="4">0</subfield>
    <subfield code="6">AVM_TRE_2018_000000000000000_B649_OR_6</subfield>
    <subfield code="7">0</subfield>
    <subfield code="9">82123</subfield>
    <subfield code="a">LBB</subfield>
    <subfield code="b">LBB</subfield>
    <subfield code="c">B649</subfield>
    <subfield code="d">2019-10-25</subfield>
    <subfield code="l">3</subfield>
    <subfield code="o">AVM TRE 2018 B649 Or.6</subfield>
    <subfield code="p">A43216</subfield>
    <subfield code="r">2022-05-11</subfield>
    <subfield code="s">2022-04-05</subfield>
    <subfield code="w">2019-10-25</subfield>
    <subfield code="y">AVM</subfield>
  </datafield>
</record>
